00270cam a2200085I 4500040000800000082002600008110001900034245010900053300002200162 cFUG aEDI PUB 1996 C096 Or.1 aGreat Britain.10aPublished by ;bConferece Secretarat of the Global Agricural Science poliy for the Twenty-first Century. a58 pages ;c22 cm